Klimatický panel vyvolal globálnu búrku
Piata správa medzivládneho panelu IPCC o klimatickej zmene, podľa ktorej s 95 percentnou pravdepodobnosťou hlavným vynníkom globálneho otepľovania je človek. Nesúhlas kritikov. Merania povrchu Zeme neukázali v posledných 15 rokoch žiadne zvýšenie teplôt. Hrozba pre bezuhlíkový biznis.
Enregistré dans:
| Auteur principal: | |
|---|---|
| Format: | Chapitre de livre |
| Langue: | slovaque |
| Sujets: | |
| Tags: |
Pas de tags, Soyez le premier à ajouter un tag!
|
MARC
| LEADER | 00000naa a2200000 4500 | ||
|---|---|---|---|
| 001 | 0178089 | ||
| 005 | 20231113081335.9 | ||
| 041 | 0 | |a slo | |
| 044 | |a SK | ||
| 245 | 1 | 0 | |a Klimatický panel vyvolal globálnu búrku |c Ľubomír Jurina |
| 520 | |a Piata správa medzivládneho panelu IPCC o klimatickej zmene, podľa ktorej s 95 percentnou pravdepodobnosťou hlavným vynníkom globálneho otepľovania je človek. Nesúhlas kritikov. Merania povrchu Zeme neukázali v posledných 15 rokoch žiadne zvýšenie teplôt. Hrozba pre bezuhlíkový biznis. | ||
| 610 | 2 | 0 | |a zmeny klimatické |
| 610 | 2 | 0 | |a veda |
| 610 | 2 | 0 | |a výskum |
| 610 | 2 | 0 | |a prognózy |
| 610 | 2 | 0 | |a emisie |
| 610 | 2 | 0 | |a zdroje energie obnoviteľné |
| 100 | 1 | |a Jurina, Ľubomír | |